| 000 | 00436nam a2200157Ia 4500 | ||
|---|---|---|---|
| 008 | 190912s9999 xx 000 0 und d | ||
| 100 | _aTalavera, Catherine | ||
| 245 | _aGroup warns vs suspension of Biofuels Act/ | ||
| 245 | _cCatherine Talavera | ||
| 260 | _bThe Philippine Star | ||
| 260 | _c2018 | ||
| 300 | _aAugust 28, page B3 | ||
| 440 |
_aThe Philippine Star _v33: 32 |
||
| 650 | _aBiofuels Act | ||
| 650 | _aBiomass energy | ||
| 999 |
_c362120 _d362120 |
||